000 00962nam a2200277 i 4500
003 DO-SdBNP
005 20250115124320.0
006 a||||er|||| 00| 0
007 ta
008 230516t2022 dr |||er|||| 001 fdspa d
020 _a9789945510256
040 _aDO-SdBNP
_bspa
_cBNPHU
_erda
082 4 _222
_bV434m
245 1 0 _aMarabunda. la cuna del escorpión. /
_cPriscila Velázquez Rivera
264 _aSanto Domingo :
_bNacional,
_c2022
300 _a173 páginas ;
_c20 cm.
336 _2rdaconten
_atexto
_btxt
337 _2rdamedia
_asin medición
_bn
338 _2rdacarrier
_avolumen
_bnc
490 _aNovela
500 _aIncluye datos biográficos de la autora en la solapa de la cubierta.
586 _aPremio anual de Novela Manuel de Jesús Galván 2021. Jurado: Emelda Ramos, Olfa Berrido y Diógenes Céspedes.
590 _aInventariado 2023 / MF
710 1 _aRepública Dominicana.
_bMinisterio de Cultura
_971794
942 _2ddc
_cLBS1
999 _c53541
_d53541